| 000 | 00574nam a2200217 i 4500 | ||
|---|---|---|---|
| 001 | 17405 | ||
| 003 | ES-MaACL | ||
| 005 | 20250817062546.0 | ||
| 007 | t| | ||
| 008 | 010302s2000 sp ||||1| spa d | ||
| 080 | _a291.1 | ||
| 245 | 0 | 0 | _aPensar la religión. |
| 260 |
_a[Madrid] : _bFundación Juan March, _c[2000] |
||
| 300 |
_a117 p. ; _c23 cm. |
||
| 490 | 1 |
_aCuadernos ; _v6 |
|
| 650 | 1 | 7 |
_aReligión _2embne _916797 |
| 710 | 2 |
_aFundación Juan March _94346 |
|
| 830 | 0 |
_aCuadernos ; _v6 _9178297 |
|
| 852 |
_aES-MaACL _jL-24323 _bR.129475 |
||
| 999 |
_c17405 _d17405 |
||